Constitución de la Nación Dominicana de 1963 / (Registro nro. 13824)

Detalles MARC
000 -LEADER
fixed length control field 03095nam a2200349 a 4500
001 - CONTROL NUMBER
control field
003 - CONTROL NUMBER IDENTIFIER
control field DO-SdBNP
005 - DATE AND TIME OF LATEST TRANSACTION
control field 20211026131611.0
008 - FIXED-LENGTH DATA ELEMENTS--GENERAL INFORMATION
fixed length control field 090709s2009 dr ac 001 0 spa d
020 ## - INTERNATIONAL STANDARD BOOK NUMBER
International Standard Book Number 9789945161724
040 ## - CATALOGING SOURCE
Original cataloging agency DO-SdBNP
Language of cataloging spa
Transcribing agency BPMSU
082 ## - DEWEY DECIMAL CLASSIFICATION NUMBER
Classification number 342.729302
Item number R426c, 2009
Edition number 22
110 2# - MAIN ENTRY--CORPORATE NAME
Corporate name or jurisdiction name as entry element República Dominicana.
240 10 - UNIFORM TITLE
Uniform title <a href="Constitución (1963)">Constitución (1963)</a>
245 10 - TITLE STATEMENT
Title Constitución de la Nación Dominicana de 1963 /
Statement of responsibility, etc. anotada e indizada por Aura Celeste Fernández R.
250 ## - EDITION STATEMENT
Edition statement 3ª ed.
260 ## - PUBLICATION, DISTRIBUTION, ETC. (IMPRINT)
Place of publication, distribution, etc. Santo Domingo :
Name of publisher, distributor, etc. CPEP,
Date of publication, distribution, etc. 2009.
300 ## - PHYSICAL DESCRIPTION
Extent 400 p. :
Other physical details il., retrs. ;
Dimensions 23 cm.
490 0# - SERIES STATEMENT
Series statement Publicaciones de la Comisión Permanente de Efemérides Patrias 2004-2009;
Volume/sequential designation 33
500 ## - GENERAL NOTE
General note Incluye ponencias complementarias sobre el tema, escritas con fines educativos.
500 ## - GENERAL NOTE
General note Incluye datos biografícos de la autora en la solapa de la cubierta
504 ## - BIBLIOGRAPHY, ETC. NOTE
Bibliography, etc Incluye bibliografía y notas a pie de las páginas.
505 0# - FORMATTED CONTENTS NOTE
Title Prefacio --
-- Constitución del 29 de abril de 1963 --
-- Preámbulo --
-- Principios fundamentales --
-- I.- Relaciones económicas y ético-sociales --
-- De los derechos humanos --
-- II.- Organización de la República --
-- De la Nación, de su gobierno --
-- Derechos políticos --
-- Del Poder Legislativo --
-- Del Congreso --
-- De la formación de las leyes --
-- Del Poder Ejecutivo --
-- Del Poder Judicial --
-- Del Distrito Nacional y los municipios --
-- Del régimen de las provincias --
-- De las asambleas electorales --
-- De las Fuerzas Armadas --
-- Disposiciones generales --
-- De las reformas constitucionales --
-- Disposiciones transitorias --
-- Índice de conceptos --
-- Índice de anotaciones --
-- Apéndices --
-- Bibliografía.
505 0# - FORMATTED CONTENTS NOTE
Title La Constitución de 1963, 40 años después: vigencia y perspectivas:
-- Presentación /
Statement of responsibility Aura Celeste Fernández R. --
Title Apertura del acto en conmemoración del 40 aniversario de la Constitución de 1963 /
Statement of responsibility Diómedes Núñez Polanco --
Title Apertura del Panel "Constitución de 1963, 40 años después: vigencia y perspectivas" /
Statement of responsibility Guillermo Moreno --
Title Los derechos sociales en la Constitución de 1963 /
Statement of responsibility Rafael Albuquerque --
Title Constitución de 1963 en sus antecedentes y herencias /
Statement of responsibility Luis Gómez Pérez --
Title Derechos humanos en la Constitución de 1963 /
Statement of responsibility César Pina Toribio --
Title Factores que incidieron en la formación de la Constitución de 1963 /
Statement of responsibility Flavio Darío Espinal Jacobo --
Title Trascendencia histórica de la Constitución de 1963: insinuaciones para la revolución democrática y popular dominicana /
-- Impacto de la Constitución de 1963 en la prensa /
Statement of responsibility Rafael Molina Morillo --
Title El legado de la Constitución Dominicana de 1963 a la reforma constitucional pendiente /
Statement of responsibility Leyda Margarita Piña --
Title Palabras cierre del evento /
Statement of responsibility Daniel Beltré --
Miscellaneous information Anexos.
590 ## - LOCAL NOTE (RLIN)
Local note Inventariado, 2018/ YL
651 #4 - SUBJECT ADDED ENTRY--GEOGRAPHIC NAME
Geographic name República Dominicana
General subdivision Constitución (1963)
651 #4 - SUBJECT ADDED ENTRY--GEOGRAPHIC NAME
Geographic name República Dominicana
Geographic subdivision Derecho Constitucional
700 1# - ADDED ENTRY--PERSONAL NAME
Personal name Fernández Rodríguez, Aura Celeste,
Dates associated with a name 1958-,
710 2# - ADDED ENTRY--CORPORATE NAME
Corporate name or jurisdiction name as entry element Comisión Permanente de Efemérides Patrias (República Dominicana)
910 ## - USER-OPTION DATA (OCLC)
User-option data VMateo V.
942 ## - ADDED ENTRY ELEMENTS (KOHA)
Source of classification or shelving scheme Dewey Decimal Classification
Koha item type Libros
Existencias
Withdrawn status Lost status Source of classification or shelving scheme Damaged status Not for loan Collection code Home library Current library Date acquired Total Checkouts Full call number Barcode Date last seen Price effective from Koha item type Copy number
    Dewey Decimal Classification     Colección Dominicana Biblioteca Pública Metropolitana Salomé Ureña Biblioteca Pública Metropolitana Salomé Ureña 10/26/2021   BPMSU CD 342.729302 R426c, 2009 BPMSU21100154 10/26/2021 10/26/2021 Libros  
    Dewey Decimal Classification     Colección Dominicana Biblioteca Pública Metropolitana Salomé Ureña Biblioteca Pública Metropolitana Salomé Ureña 10/26/2021   BPMSU CD 342.729302 R426c, 2009 BPMSU21100155 10/26/2021 10/26/2021 Libros e.2